000 03065nam a22005777a 4500
007 cr
008 250808e20250711ag |||||oz||| 00| 0 spa d
020 _a9786319100587
040 _cAR-FvUNAJ
_dAR-FvUNAJ
_eaacr2
041 _aspa
100 1 _921794
_aAlba-Ferrara, Lucía M.
_eComp.
245 1 0 _aAvances en neurociencia traslacional /
_cCompiladoras María Carolina Dalmasso y Lucía Alba-Ferrara
260 _aFlorencio Varela :
_bUniversidad Nacional Arturo Jauretche,
_c2025
300 _a228 p. :
_bDigital
490 _aObras colectivas sobre resultados. Avances de investigación
_v15
520 _aEste libro explora los avances más recientes en neurociencia, abarcando temas que van desde el uso terapéutico del cannabis hasta el tratamiento de trastornos neurológicos como el Alzheimer y la epilepsia. A través de investigaciones realizadas en la Unidad Ejecutora de Estudios en Neurociencias y Sistemas Complejos (ENyS), se revela la importancia de enfoques multidisciplinarios para comprender mejor el cerebro y sus trastornos. Cada capítulo desentraña algunos misterios del sistema nervioso, presentando técnicas avanzadas como la resonancia magnética y terapias innovadoras para trastornos cognitivos y psiquiátricos. Una obra esencial para quienes buscan adentrarse en el mundo de la neurociencia.
540 _aEsta obra está bajo una Licencia Creative Commons Argentina. Atribución - No Comercial - Sin Derivadas 2.5 Argentina (CC BY-NC-ND 2.5 AR)
_uhttps://creativecommons.org/licenses/by-nc-nd/2.5/ar/
650 2 7 _2decs
_92423
_aNEUROCIENCIAS
650 2 7 _2decs
_917623
_aCANNABIS
650 2 7 _2decs
_921795
_aENFERMEDAD DE ALZHEIMER
650 2 7 _2decs
_921796
_aBIOMARCADORES
650 2 7 _aPROCESAMIENTO DE IMAGENES
_2decs
_914112
650 2 7 _2decs
_911511
_aNEUROIMAGEN
650 2 7 _2decs
_920127
_aEPILEPSIA REFRACTARIA
650 2 7 _2decs
_921797
_aTRASTORNO DEPRESIVO MAYOR
650 2 7 _2decs
_9207
_aTRASTORNOS DE LA PERSONALIDAD
700 1 _921798
_aDalmasso, María Carolina
700 1 _921799
_aBiota, Magdalena
700 1 _921800
_aBarbeito-Andrés, Jimena
700 1 _921801
_aBonfili, Noelia Sabrina
700 1 _921802
_aCatellani, Bárbara
700 1 _921803
_aFreccero, Pilar
700 1 _921804
_aGiagante, Brenda
700 1 _96880
_aGonzález, Paula N.
700 1 _96878
_aKochen, Silvia
700 1 _921805
_aLadrón de Guevara, María Soledad
700 1 _921806
_aLamonarca, Julián
700 1 _921807
_aMedel, Nancy
700 1 _921808
_aMintz, Inés
700 1 _911519
_aOddo, Silvia
700 1 _921809
_aVillanueva, Manuela
700 1 _921810
_aPostillone, María Bárbara
700 1 _920130
_aPrincich, Juan Pablo
700 1 _911518
_aSolís, Patricia
700 1 _920115
_aVallejo Azar, Mariana Nahir
700 1 _921811
_aVillella, Ivana Soledad
830 _920784
_aObras Colectivas Sobre Resultados : Avances de Investigación
_v15
856 _qapplication/pdf
_uhttps://rid.unaj.edu.ar/handle/123456789/3322.2
942 _2ddc
_cLIBRO DIGI
999 _c11055
_d11055
980 _620072
_a Matías Regueira
_820072
_g Matías Regueira